|
|
|
|
| LEADER |
00000cam a22000004a 4500 |
| 001 |
musev2_6221 |
| 003 |
MdBmJHUP |
| 005 |
20230905040730.0 |
| 006 |
m o d |
| 007 |
cr||||||||nn|n |
| 008 |
050217s2005 pau o 00 0 eng d |
| 010 |
|
|
|z 2005042242
|
| 020 |
|
|
|a 9780812202779
|
| 020 |
|
|
|z 9780812238884
|
| 035 |
|
|
|a (OCoLC)759158197
|
| 040 |
|
|
|a MdBmJHUP
|c MdBmJHUP
|
| 043 |
|
|
|a e-uk---
|a n-us---
|
| 050 |
0 |
4 |
|a PR868.C25
|b M37 2005
|
| 082 |
0 |
|
|a 823/.8093553
|2 22
|
| 100 |
1 |
|
|a McLaughlin, Kevin,
|d 1959-
|
| 245 |
1 |
0 |
|a Paperwork :
|b Fiction and Mass Mediacy in the Paper Age /
|c Kevin McLaughlin.
|
| 264 |
|
1 |
|a Philadelphia :
|b University of Pennsylvania Press,
|c 2005.
|
| 264 |
|
3 |
|a Baltimore, Md. :
|b Project MUSE,
|c 2012
|
| 264 |
|
4 |
|c ©2005.
|
| 300 |
|
|
|a 1 online resource (192 pages):
|b ill., map ;
|
| 336 |
|
|
|a text
|b txt
|2 rdacontent
|
| 337 |
|
|
|a computer
|b c
|2 rdamedia
|
| 338 |
|
|
|a online resource
|b cr
|2 rdacarrier
|
| 504 |
|
|
|a Includes bibliographical references (p. [161]-176) and index.
|
| 588 |
|
|
|a Description based on print version record.
|
| 650 |
|
0 |
|a Money in literature.
|
| 650 |
|
0 |
|a Economics in literature.
|
| 650 |
|
0 |
|a Paper money
|z English-speaking countries.
|
| 650 |
|
0 |
|a Economics and literature
|z English-speaking countries.
|
| 650 |
|
0 |
|a American fiction
|y 19th century
|x History and criticism.
|
| 650 |
|
0 |
|a Mass media
|z English-speaking countries
|x History
|y 19th century.
|
| 650 |
|
0 |
|a Literature publishing
|z English-speaking countries
|x History
|y 19th century.
|
| 650 |
|
0 |
|a Capitalism and literature
|z English-speaking countries
|x History
|y 19th century.
|
| 650 |
|
0 |
|a English fiction
|y 19th century
|x History and criticism.
|
| 655 |
|
7 |
|a Electronic books.
|2 local
|
| 710 |
2 |
|
|a Project Muse.
|e distributor
|
| 830 |
|
0 |
|a Book collections on Project MUSE.
|
| 856 |
4 |
0 |
|z Texto completo
|u https://projectmuse.uam.elogim.com/book/6221/
|
| 945 |
|
|
|a Project MUSE - Custom Collection
|
| 945 |
|
|
|a Project MUSE - Archive Complete Foundation
|
| 945 |
|
|
|a Project MUSE - Archive Literature Foundation
|